<?xml version="1.0" encoding="UTF-8"?>
<record
    xmlns:xsi="http://www.w3.org/2001/XMLSchema-instance"
    xsi:schemaLocation="http://www.loc.gov/MARC21/slim http://www.loc.gov/standards/marcxml/schema/MARC21slim.xsd"
    xmlns="http://www.loc.gov/MARC21/slim">

  <leader>01106nam a22002297a 4500</leader>
  <controlfield tag="008">260702b        mx ||||| |||| 00| 0 spa d</controlfield>
  <datafield tag="020" ind1=" " ind2=" ">
    <subfield code="a">970-18-34-87-9</subfield>
  </datafield>
  <datafield tag="040" ind1=" " ind2=" ">
    <subfield code="b">SPA</subfield>
  </datafield>
  <datafield tag="041" ind1=" " ind2=" ">
    <subfield code="a">SPA</subfield>
    <subfield code="h">SPA</subfield>
  </datafield>
  <datafield tag="082" ind1="0" ind2="4">
    <subfield code="a">PTM / 640</subfield>
  </datafield>
  <datafield tag="100" ind1=" " ind2=" ">
    <subfield code="a">GONZ&#xC1;LEZ DE COS&#xCD;O, MANUEL</subfield>
    <subfield code="e">AUTOR</subfield>
  </datafield>
  <datafield tag="245" ind1=" " ind2=" ">
    <subfield code="a">MEJOR NUTRICI&#xD3;N</subfield>
    <subfield code="b">CONTRIBUCI&#xD3;N A LA SALVACI&#xD3;N DE M&#xC9;XICO</subfield>
  </datafield>
  <datafield tag="260" ind1=" " ind2=" ">
    <subfield code="a">M&#xC9;XICO</subfield>
    <subfield code="b">PODER EJECUTIVO SECRETAR&#xCD;A DE EDUCACI&#xD3;N</subfield>
    <subfield code="c">1999</subfield>
  </datafield>
  <datafield tag="300" ind1=" " ind2=" ">
    <subfield code="a">93 P&#xC1;GINAS</subfield>
    <subfield code="c">21.1 CM X 13.3 CM</subfield>
  </datafield>
  <datafield tag="336" ind1=" " ind2=" ">
    <subfield code="2">rdacontent</subfield>
    <subfield code="a">texto</subfield>
    <subfield code="b">txt</subfield>
  </datafield>
  <datafield tag="337" ind1=" " ind2=" ">
    <subfield code="2">rdamedia</subfield>
    <subfield code="a">sin mediaci&#xF3;n</subfield>
    <subfield code="b">n</subfield>
  </datafield>
  <datafield tag="338" ind1=" " ind2=" ">
    <subfield code="2">rdacarrier</subfield>
    <subfield code="a">volumen </subfield>
    <subfield code="b">nc</subfield>
  </datafield>
  <datafield tag="505" ind1=" " ind2=" ">
    <subfield code="a">ES UNA OBRA FUNDAMENTAL QUE ANALIZA LA TRANSICI&#xD3;N ALIMENTARIA EN M&#xC9;XICO Y DEFIENDE UNA ALIMENTACI&#xD3;N SALUDABLE BASADA EN EVIDENCIA, VALORANDO LA DIETA TRADICIONAL. EL LIBRO COMBATE DIETAS M&#xC1;GICAS Y PROMUEVE LA COMBINACI&#xD3;N ADECUADA DE ALIMENTOS PARA PREVENIR ENFERMEDADES. ENCONTRAR&#xC1;S ESTOS PRINCIPIOS DE NUTRICI&#xD3;N BASADA EN EVIDENCIA Y LA IMPORTANCIA DE LA DIETA TRADICIONAL.</subfield>
  </datafield>
  <datafield tag="650" ind1=" " ind2=" ">
    <subfield code="2">TECNOLOG&#xCD;A (CIENCIAS APLICADAS)</subfield>
  </datafield>
  <datafield tag="650" ind1=" " ind2=" ">
    <subfield code="2">ECONOM&#xCD;A DOM&#xC9;STICA Y VIDA FAMILIAR</subfield>
  </datafield>
  <datafield tag="942" ind1=" " ind2=" ">
    <subfield code="2">ddc</subfield>
    <subfield code="c">COLQ</subfield>
  </datafield>
  <datafield tag="952" ind1=" " ind2=" ">
    <subfield code="0">0</subfield>
    <subfield code="1">0</subfield>
    <subfield code="2">ddc</subfield>
    <subfield code="4">0</subfield>
    <subfield code="7">0</subfield>
    <subfield code="8">ESPQ</subfield>
    <subfield code="a">BPCEFC</subfield>
    <subfield code="b">BPCEFC</subfield>
    <subfield code="c">ACCESO B PLANTA ALTA SALA QUER&#xC9;TARO</subfield>
    <subfield code="d">2026-07-02</subfield>
    <subfield code="e"> DGB</subfield>
    <subfield code="l">0</subfield>
    <subfield code="o">PTM / 640</subfield>
    <subfield code="r">2026-07-02 16:25:50</subfield>
    <subfield code="t">EJ. 1</subfield>
    <subfield code="w">2026-07-02</subfield>
    <subfield code="y">COLQ</subfield>
  </datafield>
  <datafield tag="952" ind1=" " ind2=" ">
    <subfield code="0">0</subfield>
    <subfield code="1">0</subfield>
    <subfield code="2">ddc</subfield>
    <subfield code="4">0</subfield>
    <subfield code="7">0</subfield>
    <subfield code="8">ESPQ</subfield>
    <subfield code="a">BPCEFC</subfield>
    <subfield code="b">BPCEFC</subfield>
    <subfield code="c">ACCESO B PLANTA ALTA SALA QUER&#xC9;TARO</subfield>
    <subfield code="d">2026-07-02</subfield>
    <subfield code="e"> DGB</subfield>
    <subfield code="l">0</subfield>
    <subfield code="o">PTM / 640</subfield>
    <subfield code="r">2026-07-02 16:25:50</subfield>
    <subfield code="t">EJ. 2</subfield>
    <subfield code="w">2026-07-02</subfield>
    <subfield code="y">COLQ</subfield>
  </datafield>
  <datafield tag="952" ind1=" " ind2=" ">
    <subfield code="0">0</subfield>
    <subfield code="1">0</subfield>
    <subfield code="2">ddc</subfield>
    <subfield code="4">0</subfield>
    <subfield code="7">0</subfield>
    <subfield code="8">ESPQ</subfield>
    <subfield code="a">BPCEFC</subfield>
    <subfield code="b">BPCEFC</subfield>
    <subfield code="c">ACCESO B PLANTA ALTA SALA QUER&#xC9;TARO</subfield>
    <subfield code="d">2026-07-02</subfield>
    <subfield code="e"> DGB</subfield>
    <subfield code="l">0</subfield>
    <subfield code="o">PTM / 640</subfield>
    <subfield code="r">2026-07-02 16:25:50</subfield>
    <subfield code="t">EJ. 2</subfield>
    <subfield code="w">2026-07-02</subfield>
    <subfield code="y">COLQ</subfield>
  </datafield>
  <datafield tag="952" ind1=" " ind2=" ">
    <subfield code="0">0</subfield>
    <subfield code="1">0</subfield>
    <subfield code="2">ddc</subfield>
    <subfield code="4">0</subfield>
    <subfield code="7">0</subfield>
    <subfield code="8">ESPQ</subfield>
    <subfield code="a">BPCEFC</subfield>
    <subfield code="b">BPCEFC</subfield>
    <subfield code="c">ACCESO B PLANTA ALTA SALA QUER&#xC9;TARO</subfield>
    <subfield code="d">2026-07-02</subfield>
    <subfield code="e"> DGB</subfield>
    <subfield code="l">0</subfield>
    <subfield code="o">PTM / 640</subfield>
    <subfield code="r">2026-07-02 16:25:50</subfield>
    <subfield code="t">EJ. 3</subfield>
    <subfield code="w">2026-07-02</subfield>
    <subfield code="y">COLQ</subfield>
  </datafield>
  <datafield tag="952" ind1=" " ind2=" ">
    <subfield code="0">0</subfield>
    <subfield code="1">0</subfield>
    <subfield code="2">ddc</subfield>
    <subfield code="4">0</subfield>
    <subfield code="7">0</subfield>
    <subfield code="8">ESPQ</subfield>
    <subfield code="a">BPCEFC</subfield>
    <subfield code="b">BPCEFC</subfield>
    <subfield code="c">ACCESO B PLANTA ALTA SALA QUER&#xC9;TARO</subfield>
    <subfield code="d">2026-07-02</subfield>
    <subfield code="e">DGB</subfield>
    <subfield code="l">0</subfield>
    <subfield code="o">PTM / 640</subfield>
    <subfield code="r">2026-07-02 16:29:48</subfield>
    <subfield code="t">EJ. 3</subfield>
    <subfield code="w">2026-07-02</subfield>
    <subfield code="y">COLQ</subfield>
  </datafield>
  <datafield tag="952" ind1=" " ind2=" ">
    <subfield code="0">0</subfield>
    <subfield code="1">0</subfield>
    <subfield code="2">ddc</subfield>
    <subfield code="4">0</subfield>
    <subfield code="7">0</subfield>
    <subfield code="8">ESPQ</subfield>
    <subfield code="a">BPCEFC</subfield>
    <subfield code="b">BPCEFC</subfield>
    <subfield code="c">ACCESO B PLANTA ALTA SALA QUER&#xC9;TARO</subfield>
    <subfield code="d">2026-07-02</subfield>
    <subfield code="e">DGB</subfield>
    <subfield code="l">0</subfield>
    <subfield code="o">PTM / 640</subfield>
    <subfield code="r">2026-07-02 16:29:48</subfield>
    <subfield code="t">EJ. 1</subfield>
    <subfield code="w">2026-07-02</subfield>
    <subfield code="y">COLQ</subfield>
  </datafield>
  <datafield tag="999" ind1=" " ind2=" ">
    <subfield code="c">68741</subfield>
    <subfield code="d">68741</subfield>
  </datafield>
</record>
